Income Tax Act 2025 (Record no. 1679953)
[ view plain ]
| 000 -LEADER | |
|---|---|
| fixed length control field | 00503nam a22001937a 4500 |
| 005 - DATE AND TIME OF LATEST TRANSACTION | |
| control field | 20260219045524.0 |
| 008 - FIXED-LENGTH DATA ELEMENTS--GENERAL INFORMATION | |
| fixed length control field | 260219b |||||||| |||| 00| 0 eng d |
| 020 ## - INTERNATIONAL STANDARD BOOK NUMBER | |
| International Standard Book Number | 9789349957688 |
| 040 ## - CATALOGING SOURCE | |
| Transcribing agency | ILCL |
| 041 ## - LANGUAGE CODE | |
| Source of code | eng |
| Language code of text/sound track or separate title | eng |
| 084 ## - COLON CLASSIFICATION NUMBER | |
| Classification number | X724:(Z2) R5 |
| 245 ## - TITLE STATEMENT | |
| Title | Income Tax Act 2025 |
| 250 ## - EDITION STATEMENT | |
| Edition statement | 1 |
| 260 ## - PUBLICATION, DISTRIBUTION, ETC. | |
| Place of publication, distribution, etc. | New Delhi |
| Name of publisher, distributor, etc. | Commercial Law Publishers |
| Date of publication, distribution, etc. | 2025 |
| 300 ## - PHYSICAL DESCRIPTION | |
| Extent | clxxv,1008p. |
| 700 ## - ADDED ENTRY--PERSONAL NAME | |
| Personal name | Ahuja, Girish (Ed.) |
| 700 ## - ADDED ENTRY--PERSONAL NAME | |
| Personal name | Agrawal, Rahul (Ed.) |
| 942 ## - ADDED ENTRY ELEMENTS (KOHA) | |
| Source of classification or shelving scheme | Colon Classification (CC) |
| Koha item type | Textbook |
| 700 ## - ADDED ENTRY--PERSONAL NAME | |
| -- | 1116186 |
| 700 ## - ADDED ENTRY--PERSONAL NAME | |
| -- | 1116187 |
| 999 ## - | |
| -- | 1679953 |
| -- | 1679953 |
| Withdrawn status | Lost status | Source of classification or shelving scheme | Damaged status | Not for loan | Home library | Current library | Date acquired | Source of acquisition | Cost, normal purchase price | Inventory number | Total checkouts | Full call number | Barcode | Date last seen | Price effective from | Koha item type | Date last checked out | Date due |
|---|---|---|---|---|---|---|---|---|---|---|---|---|---|---|---|---|---|---|
| Colon Classification (CC) | Integrated Law Course library | Integrated Law Course library | 2026-02-16 | Global Informatics Solutions | 2495.00 | 260 dt. 16-02-2026 | X724:(Z2) R5 | IL1865321 | 2026-02-19 | 2026-02-19 | Textbook | |||||||
| Colon Classification (CC) | Integrated Law Course library | Integrated Law Course library | 2026-02-16 | Global Informatics Solutions | 2495.00 | 260 dt. 16-02-2026 | X724:(Z2) R5 | IL1865322 | 2026-02-19 | 2026-02-19 | Textbook | |||||||
| Colon Classification (CC) | Integrated Law Course library | Integrated Law Course library | 2026-02-16 | Global Informatics Solutions | 2495.00 | 260 dt. 16-02-2026 | 1 | X724:(Z2) R5 | IL1865323 | 2026-03-27 | 2026-02-19 | Textbook | 2026-03-19 | |||||
| Colon Classification (CC) | Integrated Law Course library | Integrated Law Course library | 2026-02-16 | Global Informatics Solutions | 2495.00 | 260 dt. 16-02-2026 | 1 | X724:(Z2) R5 | IL1865324 | 2026-03-19 | 2026-02-19 | Textbook | 2026-03-19 | 2026-04-02 | ||||
| Colon Classification (CC) | Integrated Law Course library | Integrated Law Course library | 2026-02-16 | Global Informatics Solutions | 2495.00 | 260 dt. 16-02-2026 | X724:(Z2) R5 | IL1865325 | 2026-02-19 | 2026-02-19 | Textbook | |||||||
| Colon Classification (CC) | Integrated Law Course library | Integrated Law Course library | 2026-02-16 | Global Informatics Solutions | 2495.00 | 260 dt. 16-02-2026 | X724:(Z2) R5 | IL1865326 | 2026-02-19 | 2026-02-19 | Textbook | |||||||
| Colon Classification (CC) | Integrated Law Course library | Integrated Law Course library | 2026-02-16 | Global Informatics Solutions | 2495.00 | 260 dt. 16-02-2026 | X724:(Z2) R5 | IL1865327 | 2026-02-19 | 2026-02-19 | Textbook | |||||||
| Colon Classification (CC) | Integrated Law Course library | Integrated Law Course library | 2026-02-16 | Global Informatics Solutions | 2495.00 | 260 dt. 16-02-2026 | X724:(Z2) R5 | IL1865328 | 2026-02-19 | 2026-02-19 | Textbook | |||||||
| Colon Classification (CC) | Integrated Law Course library | Integrated Law Course library | 2026-02-16 | Global Informatics Solutions | 2495.00 | 260 dt. 16-02-2026 | X724:(Z2) R5 | IL1865329 | 2026-02-19 | 2026-02-19 | Textbook | |||||||
| Colon Classification (CC) | Integrated Law Course library | Integrated Law Course library | 2026-02-16 | Global Informatics Solutions | 2495.00 | 260 dt. 16-02-2026 | 1 | X724:(Z2) R5 | IL1865330 | 2026-03-25 | 2026-02-19 | Textbook | 2026-02-24 |
